Statistiques concernant They Shoot Pictures, Don't They? - films 761 à 780

Cliquez ici pour prendre le quiz!

Statistiques générales

  • Ce quiz a été pris 17 fois
  • Le résultat moyen est 5 sur 20

Statistiques - réponses

Réponse% Correct
Quand Harry rencontre Sally
67%
Stand by Me
67%
Phantom of the Paradise
60%
Funny Games
53%
Les Diaboliques
47%
Taipei Story
33%
Au feu, les pompiers !
27%
Les deux Anglaises et le Continent
20%
Les Grandes Espérances
20%
Miller's Crossing
20%
La Ballade de Narayama
13%
Le Massacre de Fort Apache
13%
Les trente-neuf marches
13%
Blissfully Yours
7%
Code inconnu
7%
Jeunes filles en uniforme
7%
L'Ultime Razzia
7%
Passion
7%
Val Abraham
7%
Détour
0%

Distribution des résultats

Percentile par nombre de réponses

% des personnes avec chaque résultat

Votre développement - résultats

Vous n’avez pas pris ce quiz